000 00520nam a2200157Ia 4500
005 20260601193252.0
008 260601s9999||||xx |||||||||||||| ||und||
020 _a978-3-031-60950-3
_qebk
100 _aUlisses Braga-Neto
245 0 _aFundamentals of Pattern Recognition and Machine Learning
250 _aSecond Edition 2024
260 _aHeidelberg, Germany
_bSpringer Nature
_c2024
650 _aComputer Science
856 _uhttps://link.springer.com/openurl?genre=book&isbn=978-3-031-60950-3
942 _cEB
_2ddc
999 _c56756
_d56756